Les grandes théories du théâtre (notice n° 2198706)
[ vue normale ]
| 000 -LEADER | |
|---|---|
| fixed length control field | 01098cam a2200133 4500500 |
| 005 - DATE AND TIME OF LATEST TRANSACTION | |
| control field | 20260405085559.0 |
| 041 ## - LANGUAGE CODE | |
| Language code of text/sound track or separate title | fre |
| 042 ## - AUTHENTICATION CODE | |
| Authentication code | dc |
| 100 10 - MAIN ENTRY--PERSONAL NAME | |
| Personal name | Hubert, Marie-Claude |
| Relator term | author |
| 245 00 - TITLE STATEMENT | |
| Title | Les grandes théories du théâtre |
| 260 ## - PUBLICATION, DISTRIBUTION, ETC. | |
| Name of publisher, distributor, etc. | Armand Colin,<br/> |
| Date of publication, distribution, etc. | 2021.<br/> |
| 520 ## - SUMMARY, ETC. | |
| Summary, etc. | Analyse textuelle, art de l’interprétation, esthétique de la réception, tels sont les différents modes d’approche du phénomène théâtral, qui sont dictés à chacun d’eux, tant par la problématique de la période à laquelle ils appartiennent que par leur pratique personnelle, philosophique, littéraire ou scénique. Accompagné d’un glossaire, d’une chronologie sur les théoriciens de l’esthétique théâtrale et d’un index des noms d’auteurs, ce livre constitue un outil de référence pour les étudiants de lettres, les candidats aux concours de recrutement, les élèves des cours d’art dramatique et pour tous ceux qui s’intéressent au théâtre. |
| 856 41 - ELECTRONIC LOCATION AND ACCESS | |
| Uniform Resource Identifier | <a href="https://shs.cairn.info/les-grandes-theories-du-theatre--9782200630430?lang=fr&redirect-ssocas=7080">https://shs.cairn.info/les-grandes-theories-du-theatre--9782200630430?lang=fr&redirect-ssocas=7080</a> |
Pas d'exemplaire disponible.




Réseaux sociaux